000 00782nas a2200241 4500
001 BR0102586
003 BR-BrBNA
005 20231205102248.0
007 ta
008 230509b bl.|||p| |||| 00| 00por d
040 _aBR-BrBNA
_bpor
_cBiblioteca Nacional de Agricultura
041 _a(Pt)
072 _aL01; L53
100 1 _aFerreira, A.M.
100 1 _aTeixeira, N.M.
245 1 _aEstimativas de mudancas na producao de leite com a variacao do intervalo de partos em rebanhos bovinos
650 _aBovino
650 _aIntervalo de Parto
650 _aProducao Leiteira
773 0 _tRevista Brasileira de Producao Animal (Brazil)
_xISSN 0102-0803
_g(Oct-Dec 2000), v. 24(4) p. 177-181
_wBR0102586
909 _a202311
_bLúcia
_c55
_dLúcia Elande
942 _2AGRIS
_n0
_cANA
999 _c166633
_d166633